25 years of world shipping

Na minha lista:
Detalhes bibliográficos
Main Authors: Beth, Hans Ludwig (Author), Hader, Arnulf (Author), Kappel, Robert (Author)
Formato: Livro
Idioma:inglês
Publicado em: Londres Fairplay 1984
Assuntos:
Tags: Adicionar Tag
Sem tags, seja o primeiro a adicionar uma tag!

MARC

LEADER 00000nam a2200000 a 4500
001 UCV4788
003 CL-VaPUC
008 921209e19840000UK |||||||||||||||||eng|d
082 0 4 |a 387.5  |b BET  |2 21 
100 0 |a Beth, Hans Ludwig  |e author  |9 298975 
700 0 |a Hader, Arnulf  |e author  |9 298976 
700 0 |a Kappel, Robert  |e author  |9 298977 
245 1 0 |a 25 years of world shipping 
300 |a 205 p 
942 |c BK 
945 |d 19921209 00:00:00 
260 |a Londres  |b Fairplay  |c 1984 
650 0 |a Transporte marítimo  |9 260127 
583 |a last modification  |c 19921209 00:00:00  |k Rodrigo Vera 
999 |c 211463  |d 211461 
952 |0 0  |1 0  |4 0  |6 387_500000000000000_BET_1984  |7 0  |8 A  |9 190812  |a BIBING  |b BIBING  |d 2019-11-14  |i 2584697  |o 387.5 BET 1984  |p 2584697  |r 2025-01-20  |w 2019-11-14  |y BK  |k TRA